Rois du Danemark - Statistiques

Statistiques générales
  • Ce quiz a été pris 351 fois
  • Le résultat moyen est 30 sur 71
Statistiques - réponses
Règne Dynastie Monarque % Correct
1523-1533 Maison d'Oldenbourg Frédéric I
75%
1559-1588 Maison d'Oldenbourg Frédéric II
75%
1648-1670 Maison d'Oldenbourg Frédéric III
75%
1699-1730 Maison d'Oldenbourg Frédéric IV
75%
1947-1972 Maison de Schleswig-Holstein Frédéric IX
75%
1746-1766 Maison d'Oldenbourg Frédéric V
75%
1808-1839 Maison d'Oldenbourg Frédéric VI
75%
1848-1863 Maison d'Oldenbourg Frédéric VII
75%
1906-1912 Maison de Schleswig-Holstein Frédéric VIII
75%
1448-1481 Maison d'Oldenbourg Christian Ier
74%
1513-1523 Maison d'Oldenbourg Christian II
74%
1534-1559 Maison d'Oldenbourg Christian III
74%
1588-1648 Maison d'Oldenbourg Christian IV
74%
1863-1906 Maison de Schleswig-Holstein Christian IX
74%
1670-1699 Maison d'Oldenbourg Christian V
74%
1730-1746 Maison d'Oldenbourg Christian VI
74%
1766-1808 Maison d'Oldenbourg Christian VII
74%
1839-1848 Maison d'Oldenbourg Christian VIII
74%
1912-1947 Maison de Schleswig-Holstein Christian X
74%
1376-1412 Maison d'Estridsen Marguerite Ière
53%
1972- Maison de Schleswig-Holstein Marguerite II
53%
1018-1035 Maison de Jelling Knut II
52%
1035-1042 Maison de Jelling Knut III
52%
1080-1086 Maison d'Estridsen Knut IV
52%
1146-1157 Maison d'Estridsen Knut V
52%
1182-1202 Maison d'Estridsen Knut VI
52%
812-827 Maison de Danemark Harald
51%
958-986 Maison de Jelling Harald Ier
51%
1014-1018 Maison de Jelling Harald II
51%
1076-1080 Maison d'Estridsen Harald III
51%
1095-1103 Maison d'Estridsen Eric Ier
50%
1134-1137 Maison d'Estridsen Eric II
50%
1137-1146 Maison d'Estridsen Eric III
50%
1232-1250 Maison d'Estridsen Eric IV
50%
1259-1286 Maison d'Estridsen Eric V
50%
1286-1319 Maison d'Estridsen Eric VI
50%
1396-1439 Maison de Poméranie Eric VII
50%
1481-1513 Maison d'Oldenbourg Jean
50%
986-1014 Maison de Jelling Sven Ier
44%
1047-1076 Maison d'Estridsen Sven II
44%
1146-1157 Maison d'Estridsen Sven III
44%
1252-1259 Maison d'Estridsen Christophe Ier
26%
1320-1326 Maison d'Estridsen Christophe II
26%
1329-1332 Maison d'Estridsen Christophe II
26%
1440-1448 Maison de Wittelsbach Christophe III
26%
1146-1182 Maison d'Estridsen Valdemar Ier
23%
1202-1241 Maison d'Estridsen Valdemar II
23%
1215-1231 Maison d'Estridsen Valdemar III
23%
1326-1329 Maison d'Estridsen Valdemar III
23%
1340-1375 Maison d'Estridsen Valdemar IV
23%
916-930 Maison de Jelling Hardeknut
22%
1042-1047 Maison Hårfagreætta Magnus
21%
894-910 Maison de Suède Olof
19%
1250-1252 Maison d'Estridsen Abel
18%
936-958 Maison de Jelling Gorm
18%
1104-1134 Maison d'Estridsen Niels
18%
1086-1095 Maison d'Estridsen Oluf Ier
17%
1376-1387 Maison d'Estridsen Oluf III
17%
avant 777-804 Maison de Danemark Siegfried Ier
15%
812-812 Maison de Danemark Siegfried II
15%
864-887 Maison de Danemark Siegfried III
15%
813-854 Maison de Danemark Horik Ier
13%
854-864 Maison de Danemark Horik II
13%
910-915 Maison de Suède Gnupa
12%
804-810 Maison de Danemark Godfried
12%
887-894 Maison de Danemark Helge
12%
812-814 Maison de Danemark Reginfred
12%
915-916 Maison de Suède Sigtrygg
12%
810-812 Maison de Danemark Hemming
11%
910-915 Maison de Suède Gyrd
10%
812-812 Maison de Danemark Anulon
7%
Aucun quiz correspondant
Distribution des résultats
% des personnes avec chaque résultat
Percentile par nombre de réponses
Votre historique - résultats
Vous n’avez pas pris ce quiz